Countries With Under 0.05% of The Worlds Population - Statistics

General Stats
  • This quiz has been taken 33 times
    32 since last reset
  • The average score is 61 of 68
Answer Stats
Percentage (2020) Continent Rough Population Population rank Answer % Correct
0% North America 93,200 186 Antigua and Barbuda
100%
0% North America 281,200 176 Barbados
100%
0.01% Africa 821,600 161 Comoros
100%
0% Oceania 129,000 180 Kiribati
100%
0.03% Africa 2.28 million 146 Lesotho
100%
0% Europe 39,000 191 Liechtenstein
100%
0.01% Europe 640,000 165 Luxembourg
100%
0% Oceania 12,500 196 Nauru
100%
0% Oceania 19,000 194 Palau
100%
0% Africa 99,300 185 Seychelles
100%
0% North America 47,600 189 St Kitts and Nevis
100%
0% North America 104,300 184 St Vincent and the Grenadines
100%
0% Europe 825 197 Vatican City
100%
0% Europe 79,000 187 Andorra
97%
0.01% Asia 445,000 171 Brunei
97%
0.01% Africa 588,000 168 Cape Verde
97%
0% North America 72,400 188 Dominica
97%
0.02% Africa 1.19 million 158 Eswatini
97%
0% North America 125,000 181 Grenada
97%
0.01% South America 800,000 162 Guyana
97%
0% Europe 372,500 174 Iceland
97%
0.01% Europe 519,000 170 Malta
97%
0% Oceania 42,000 190 Marshall Islands
97%
0.02% Africa 1.26 million 156 Mauritius
97%
0% Europe 36,700 192 Monaco
97%
0% Europe 34,000 193 San Marino
97%
0% Africa 223,100 177 São Tomé and Principe
97%
0.01% Oceania 708,000 164 Solomon Islands
97%
0% North America 180,000 179 St Lucia
97%
0.01% South America 613,000 167 Suriname
97%
0% Oceania 11,200 195 Tuvalu
97%
0.01% North America 400,000 173 Belize
93%
0.02% Europe 1.33 million 155 Estonia
93%
0.01% Oceania 920,000 160 Fiji
93%
0.02% Europe 1.88 million 150 Latvia
93%
0.04% Europe 2.8 million 138 Lithuania
93%
0.01% Asia 521,000 169 Maldives
93%
0% Oceania 113,100 182 Micronesia
93%
0.03% Europe 2.06 million 149 North Macedonia
93%
0% Oceania 219,000 178 Samoa
93%
0% Oceania 106,000 183 Tonga
93%
0.02% North America 1.52 million 152 Trinidad and Tobago
93%
0% Oceania 319,000 175 Vanuatu
93%
0.04% Europe 3.27 million 135 Bosnia and Herzegovina
90%
0.02% Asia 1.36 million 154 East Timor
90%
0.03% Europe 2.61 million 142 Moldova
90%
0.01% Europe 619,000 166 Montenegro
90%
0.02% Asia 1.46 million 153 Bahrain
86%
0.04% North America 2.82 million 136 Jamaica
86%
0.04% Asia 2.68 million 140 Qatar
86%
0.03% Europe 2.1 million 147 Slovenia
86%
0.01% North America 407,900 172 Bahamas
83%
0.03% Africa 2.64 million 141 Gambia
83%
0.04% Europe 2.81 million 137 Albania
79%
0.04% Asia 2.79 million 139 Armenia
79%
0.01% Asia 777,500 163 Bhutan
79%
0.05% Europe 3.9 million 130 Croatia
76%
0.01% Africa 1.1 million 159 Djibouti
76%
0.05% Asia 3.7 million 131 Georgia
76%
0.02% Asia 1.2 million 157 Cyprus
72%
0.02% Africa 1.63 million 151 Equatorial Guinea
72%
0.04% South America 3.4 million 133 Uruguay
72%
0.03% Africa 2.06 million 148 Guinea Bissau
69%
0.03% Africa 2.53 million 144 Namibia
66%
0.05% Africa 3.62 million 132 Eritrea
59%
0.04% Asia 3.35 million 134 Mongolia
59%
0.03% Africa 2.58 million 143 Botswana
55%
0.03% Africa 2.34 million 145 Gabon
52%
No matching quizzes found
Score Distribution
Percent of People with Each Score
Percentile by Number Answered
Your Score History
You have not taken this quiz since the last reset